Escuelas. Rǧimen Jurd̕ico Fiscal 2014 /

Detalles Bibliográficos
Autor principal: Domn̕guez Orozco, Jaime
Otros Autores: Resňdiz Nn︢ez, Cuauhtm̌oc
Formato: eBook
Lenguaje:español
Publicado: Mx̌ico DF: Ediciones Fiscales ISEF, 2014
Materias:
Acceso en línea:Acceso restringido

MARC

LEADER 00000nam a22000007a 4500
005 20140522232859.0
007 cr|||| ||||
008 140522s2014 mx |||||s|||| 00||0 spa d
020 |a 978-368-726-794-2 
035 |a 12146 
040 |a vLex 
090 |c 4941  |d 4941 
100 1 |a Domn̕guez Orozco, Jaime 
245 1 0 |a Escuelas.  |h [Recurso electrn̤ico] :  |b Rǧimen Jurd̕ico Fiscal 2014 /  |c Jaime Domn̕guez Orozco, Cuauhtm̌oc Resňdiz Nn︢ez 
256 |a Servicio en ln̕ea 
260 |a Mx̌ico DF:  |b Ediciones Fiscales ISEF,  |c 2014 
300 |a 1 recurso electrn̤ico 
506 1 |a Disponible solo en los productos indicados  |d vLex Global  |d vLex Global (Academic Edition, excluding Law Schools)  |d vLex Global (U.S. Academic Edition, Law Schools)  |d vLex Global (U.S. Academic Edition, excluding Law Schools)  |d vLex Global (Academic Edition, Law Schools) 
650 0 4 |a Derecho Fiscal  |z Mx̌ico 
700 1 |a Resňdiz Nn︢ez, Cuauhtm̌oc 
740 0 |a vLex Libros (Servicio en ln̕ea) 
856 4 0 |u http://vlex.com/source/escuelas-regimen-juridico-fiscal-2014-12146  |z Acceso restringido 
942 |c BOOK 
999 0 |a Tax Law